Tạp bút

Gespeichert in:
Bibliographische Detailangaben
1. Verfasser: Tô Hoài
Format: Buch
Sprache:Undetermined
Veröffentlicht: Hà Nội Hội Nhà văn 2007
Schlagworte:
Tags: Tag hinzufügen
Keine Tags, Fügen Sie den ersten Tag hinzu!
Thư viện lưu trữ: Trung tâm Học liệu Trường Đại học Cần Thơ
LEADER 00483nam a2200193Ia 4500
001 CTU_154658
008 210402s9999 xx 000 0 und d
020 |c 38000 
082 |a 895.9228 
082 |b T450 
100 |a Tô Hoài 
245 0 |a Tạp bút 
245 0 |c Tô Hoài 
260 |a Hà Nội 
260 |b Hội Nhà văn 
260 |c 2007 
650 |a Vietnamese literature 
904 |i Giang 
980 |a Trung tâm Học liệu Trường Đại học Cần Thơ